ភ្នំប៉ាយ៉ង់កោរ / (Record no. 4691)

MARC details
000 -LEADER
fixed length control field 00683nam a22002057a 4500
001 - CONTROL NUMBER
control field 4691
003 - CONTROL NUMBER IDENTIFIER
control field FISKH
005 - DATE AND TIME OF LATEST TRANSACTION
control field 20250505140810.0
008 - FIXED-LENGTH DATA ELEMENTS--GENERAL INFORMATION
fixed length control field 240920b cb ||||| |||| 00| 0 eng d
040 ## - CATALOGING SOURCE
Original cataloging agency FISKH
Language of cataloging Bilingual
Transcribing agency FISKH
Modifying agency FISKH
100 ## - MAIN ENTRY--PERSONAL NAME
Personal name Sotheary, Kimsun
Relator term author
245 ## - TITLE STATEMENT
Title ភ្នំប៉ាយ៉ង់កោរ /
Statement of responsibility, etc. by Kimsun Sotheary : illustrated by Thai San
260 ## - PUBLICATION, DISTRIBUTION, ETC.
Place of publication, distribution, etc. ភ្នំពេញ :
Name of publisher, distributor, etc. Reading Book ;
Date of publication, distribution, etc. ២០០៨ .
300 ## - PHYSICAL DESCRIPTION
Extent 44 pages :
Other physical details color illustrations ;
Dimensions 26 cm .
490 ## - SERIES STATEMENT
Materials specified ពិភពរឿងនិទាន
505 ## - FORMATTED CONTENTS NOTE
Formatted contents note P <br/>
521 8# - TARGET AUDIENCE NOTE
Target audience note 600 <br/>
Source Lexile estimate <br/>
521 8# - TARGET AUDIENCE NOTE
Target audience note O <br/>
Source Raz-Plus <br/>
942 ## - ADDED ENTRY ELEMENTS (KOHA)
Source of classification or shelving scheme Dewey Decimal Classification
Koha item type Khmer Books
Suppress in OPAC No
Holdings
Withdrawn status Lost status Source of classification or shelving scheme Damaged status Not for loan Collection Home library Current library Shelving location Date acquired Total Checkouts Full call number Barcode Date last seen Copy number Price effective from Koha item type
    Dewey Decimal Classification     Khmer-English Bilingual / ភាសាខ្មែរ-អង់គ្លេស Footprints International School Library Network Toul Kork Campus Footprints International School Library Network Toul Kork Campus TTP Primary Khmer Bookshelves 09/20/2024   SOT PZ7 900 FIS04461 09/20/2024 1 09/20/2024 Khmer Books
    Dewey Decimal Classification     Khmer-English Bilingual / ភាសាខ្មែរ-អង់គ្លេស Footprints International School Library Network Toul Kork Campus Footprints International School Library Network Toul Kork Campus TTP Primary Khmer Bookshelves 09/20/2024   SOT PZ7 900 FIS04243 09/20/2024 2 09/20/2024 Khmer Books